Първите три минути след сътворението (Запис номер 188171)
[ съкратено ]
| 000 -Лидер | |
|---|---|
| Контролно поле с фиксирана дължина | 01772nam a2200337 c 4500 |
| 003 - Код на организацията, давaща контролен номер | |
| Контролно поле | BLK |
| 005 - Дата и час на последна редакция | |
| Контролно поле | 20220317150917.0 |
| 008 - Елементи от данни с фиксирана дължина | |
| fixed length control field | 180411b bul|||||r ||||||| ||bul|| |
| 010 ## - Наследен системен номер | |
| LC control number | KNG00197189000 |
| 040 ## - Източник на каталожния запис | |
| Идентификатор на билиотеката - собственик на записа | BLK |
| 041 ## - Код за език | |
| Код за езика на текст/звукозапис или на отделно заглавие | Български |
| Код за езика КДБФ | Български |
| 080 ## - УДК | |
| Текстов определител УДК | Звезди и звездни системи. Вселена - Космически лъчи, междузвездно пространство, Галактика, Млечен път, космология, извънгалактически системи |
| УДК код - определител по УДК | 524 |
| УДК определител | |
| УДК - код + определител | 524 |
| 100 1# - Редна дума - Автор | |
| Автор | Уайнбъргър, Стивън |
| Авторска отговорност | първи автор |
| R(LIN) | 132091 |
| 139 ## - Редно поле | |
| Редна дума | Уайнбъргър, Стивън |
| Авторски знак | Уаи - У 13 |
| 245 10 - Сведения за заглавието | |
| Заглавие | Първите три минути след сътворението |
| Подзаглавни данни | Един съвр. възглед за възникването на Вселената |
| Редно поле (дума) | Стивън Уайнбъргър; прев. от англ. Людмил Константинов. |
| 257 ## - Страна на издаване | |
| Страна на създаване/издаване | Съединени американски щати |
| 260 ## - Област на издателските данни | |
| -- | София |
| Име на издателя, разпространителя и проч. | Наука и изкуство |
| Година на издаване | 1984 |
| Печатница | Ямбол : Г. Димитров |
| 300 ## - Физическа характеристика | |
| Страници | 168 с. |
| Илюстрации и др. | с табл., сх., диагр., 4 л. ил. |
| Размери/Мащаб | 20 см |
| 380 ## - Жанр | |
| Жанр | Естествени науки. Математика |
| 500 ## - Общи забележки | |
| Забележка | Ориг. загл. The first three minutes / Steven Weinberger. - 10 112 тир. - Библиогр. с. 156-159 ; Азб. показалец. |
| 650 #4 - Допълнително описание по предмет – тема | |
| Основно описание – тема или топоним | Вселена - произход и развитие |
| 9 (RLIN) | 265129 |
| 653 ## - Ключова дума – ненормативна | |
| Ключова дума | космология |
| 653 ## - Ключова дума – ненормативна | |
| Ключова дума | произход на живота |
| 653 ## - Ключова дума – ненормативна | |
| Ключова дума | Вселена |
| 700 1# - Други автори (авторска отговорност) | |
| Лично име | Константинов, Людмил |
| Автороска отговорност (Описва отношението между автора и произведението) | прев. от англ. |
| 9 (RLIN) | 384588 |
| 852 ## - Местоположение | |
| Форматна сигнатура | Цб 131474 |
| 856 4# - Електронен адрес и достъп | |
| Електронен формат | pdf - файл |
| Път до файла /url/ | |
| 856 4# - Електронен адрес и достъп | |
| Електронен формат | pdf - файл |
| Път до файла /url/ | |
| 942 ## - АРТИКУЛИ | |
| Вид на библиотечния материал | Книги |
| Скрит в OPAC | Не |
| Koha issues (borrowed), all copies | 4 |
| 944 ## - СЪЗДАВАНЕ И РЕДАКЦИЯ на ЗАПИСА | |
| Създаване/Редакция | Създаване |
| Дата на регистрацията/редакция | 01.12.2016 |
| Служител, извършил регистрацията/редакцията | Теодора_Стоянова |
| 944 ## - СЪЗДАВАНЕ И РЕДАКЦИЯ на ЗАПИСА | |
| Създаване/Редакция | Редакция |
| Дата на регистрацията/редакция | 01.12.2016 |
| Служител, извършил регистрацията/редакцията | Теодора_Стоянова |
| 999 ## - СИСТЕМНИ КОНТРОЛНИ НОМЕРА | |
| Koha biblionumber | 188171 |
| Koha biblioitemnumber | 188171 |
| Код за отписване | Код за изгубен артикул | Източник на класификационната схема | Код за повреда | Коз за рестрикции | Код за отдаване | Артикулен № | Име на библиотеката - собственик | Име на библиотеката, в която се намира в момента | Статус (Текущо местоположение) | Дата на вписване в системата | Местоположение - отдел | Цена в лева | Инвентарен номер | Систематично азбучна сигнатура | Баркод | Номер на екземпляра | Цена в евро | Служебна бележка | Служебен тип на артикула |
|---|---|---|---|---|---|---|---|---|---|---|---|---|---|---|---|---|---|---|---|
| Не е изгубен | Universal Decimal Classification | Не е повреден | без рестрикции | ползва се в читалня | 329453 | Регионална библиотека "Любен Каравелов" Русе | Регионална библиотека "Любен Каравелов" Русе | Хранилище | 1984-01-01 | Хранилище | 2.06 | 420784 | Цб 131474 | 900000015944 | 1 | 1.05 | Вид: Сф Дата: 01.01.1984 | Книги | |
| Изтеглен | Не е изгубен | Universal Decimal Classification | Не е повреден | без рестрикции | заемане за дома | 329454 | Регионална библиотека "Любен Каравелов" Русе | Регионална библиотека "Любен Каравелов" Русе | Заемна - подръчен фонд | 1984-01-01 | Заемна - подръчен фонд | 2.06 | 419653 | П 524/У 13 | 120000419653 | 2 | 1.05 | Вид: Сф Дата: 01.01.1984 Дата инв: 08.03.2018 Бележки инв: П2018 | Книги |
| Изтеглен | Не е изгубен | Universal Decimal Classification | Не е повреден | без рестрикции | заемане за дома | 329455 | Регионална библиотека "Любен Каравелов" Русе | Регионална библиотека "Любен Каравелов" Русе | Заемна - подръчен фонд | 1984-01-01 | Заемна - подръчен фонд | 2.06 | 419654 | П 524/У 13 | 419654 | 3 | 1.05 | Вид: Сф Дата: 01.01.1984 Дата инв: 28.02.2018 Бележки инв: П2018 | Книги |
| Изтеглен | Не е изгубен | Universal Decimal Classification | Не е повреден | без рестрикции | заемане за дома | 329456 | Регионална библиотека "Любен Каравелов" Русе | Регионална библиотека "Любен Каравелов" Русе | Заемна - подръчен фонд | 1984-01-01 | Заемна - подръчен фонд | 2.06 | 541909 | П 524/У 13 | 541909 | 4 | 1.05 | Вид: Сф Дата: 01.01.1984 | Книги |